000 00247nam a2200085Ia 4500
008 120527s9999 xx 000 0 und d
100 _aBARTLETT, Jane
245 _aNutrition and working efficieny of draught Bovines on a Norfolk small ho
942 _cBK
999 _c25196
_d25196